[Event "Antwerp World Uni op (Women)"]
[Site "Antwerp"]
[Date "2022.09.15"]
[Round "6"]
[White "Naran Erdene, Naranbaatar"]
[Black "Alboredo, Julia"]
[Result "0-1"]
[WhiteElo "2055"]
[BlackElo "2263"]
[PlyCount "124"]
[EventDate "2022.09.12"]
[EventType "swiss"]
[EventRounds "9"]
[EventCountry "BEL"]
[SourceTitle "CBM 210 Extra"]
[Source "ChessBase"]
[SourceDate "2022.11.30"]
[SourceVersion "1"]
[SourceVersionDate "2022.11.30"]
[SourceQuality "1"]

1. c4 Nf6 2. Nc3 g6 3. g3 Bg7 4. Bg2 0-0 5. Nf3 d6 6. 0-0 c6 7. d4 Bf5 8. Ng5 e5 9. d5 c5 10. h3 a6 11. a4 h6 12. e4 Bc8 13. Nf3 Nh5 14. Nh4 Nf4 15. gxf4 Qxh4 16. Qf3 Nd7 17. a5 exf4 18. Qxf4 Qxf4 19. Bxf4 Ne5 20. Bxe5 Bxe5 21. Na4 f5 22. f4 Bd4+ 23. Kh2 fxe4 24. Bxe4 Bf5 25. Rae1 Bxe4 26. Rxe4 Rae8 27. Rxe8 Rxe8 28. Kg3 Kf7 29. Rf3 Kf6 30. b3 Re3 31. Nb6 Ke7 32. Nc8+ Kd7 33. Nb6+ Kd8 34. Na4 Ke7 35. Kg2 Re1 36. f5 Rg1+ 37. Kh2 Rg5 38. fxg6 Rxg6 39. Nb6 Be5+ 40. Kh1 Rg3 41. Nc8+ Ke8 42. Rf5 Rxh3+ 43. Kg2 Rxb3 44. Rh5 Rg3+ 45. Kf2 Rg6 46. Rh3 Kd8 47. Nb6 Bf6 48. Ke2 Bg7 49. Rb3 h5 50. Na8 Kc8 51. Nb6+ Kc7 52. Re3 Kd8 53. Rh3 Rg5 54. Kf3 Be5 55. Ke4 Bg3 56. Na4 h4 57. Nb2 Re5+ 58. Kd3 Re1 59. Kc2 Re2+ 60. Kb3 Rh2 61. Rxh2 Bxh2 62. Nd1 Bg1 0-1

[Event "Antwerp World Uni blitz op (Women)"]
[Site "Antwerp"]
[Date "2022.09.14"]
[Round "7"]
[White "Kucharska, Honorata"]
[Black "Naran Erdene, Naranbaatar"]
[Result "1-0"]
[WhiteElo "1883"]
[BlackElo "1712"]
[PlyCount "79"]
[EventDate "2022.09.14"]
[EventType "swiss (blitz)"]
[EventRounds "9"]
[EventCountry "BEL"]
[SourceTitle "CBM 210 Extra"]
[Source "ChessBase"]
[SourceDate "2022.11.30"]
[SourceVersion "1"]
[SourceVersionDate "2022.11.30"]
[SourceQuality "1"]

1. d4 d5 2. Nf3 Nf6 3. e3 e6 4. Bd3 Be7 5. b3 b6 6. Bb2 Bb7 7. 0-0 Nbd7 8. Nbd2 0-0 9. Ne5 c5 10. f4 Ne4 11. Qe2 f6 12. Nxd7 Qxd7 13. Nxe4 dxe4 14. Bc4 Kh8 15. dxc5 Bxc5 16. Rad1 Qe7 17. Bd4 Bxd4 18. Rxd4 e5 19. Rd2 exf4 20. Rxf4 Rad8 21. Rxd8 Rxd8 22. Rf1 Qd6 23. Qg4 Qd2 24. Qf4 Qd7 25. a4 h6 26. h3 a6 27. Be2 Rc8 28. Bg4 Qc6 29. Bxc8 Qxc8 30. Qf2 Qc3 31. Rd1 Qe5 32. Qf4 Qc5 33. g4 Bd5 34. Rd2 Qc6 35. Qf5 Bg8 36. Qd7 Qc3 37. Qd4 Qc6 38. Kf2 Kh7 39. c4 Bf7 40. Qd6 1-0

[Event "Antwerp World Uni blitz op (Women)"]
[Site "Antwerp"]
[Date "2022.09.14"]
[Round "5"]
[White "Naran Erdene, Naranbaatar"]
[Black "Ahereza, Joan"]
[Result "1-0"]
[WhiteElo "1712"]
[BlackElo "1562"]
[PlyCount "51"]
[EventDate "2022.09.14"]
[EventType "swiss (blitz)"]
[EventRounds "9"]
[EventCountry "BEL"]
[SourceTitle "CBM 210 Extra"]
[Source "ChessBase"]
[SourceDate "2022.11.30"]
[SourceVersion "1"]
[SourceVersionDate "2022.11.30"]
[SourceQuality "1"]

1. c4 Nf6 2. Nc3 c6 3. d4 d5 4. cxd5 Nxd5 5. e4 Nxc3 6. bxc3 e5 7. Nf3 exd4 8. cxd4 Bb4+ 9. Bd2 Bxd2+ 10. Qxd2 0-0 11. Bd3 Bg4 12. Be2 Re8 13. e5 c5 14. 0-0 Nc6 15. d5 Bxf3 16. Bxf3 Nxe5 17. Be4 Qf6 18. Rad1 Rad8 19. Qc2 Ng6 20. Bxg6 Qxg6 21. Qxc5 b6 22. Qc7 Ra8 23. d6 Red8 24. d7 Qe6 25. Qb7 Qxa2 26. Qxa8 1-0

[Event "Antwerp World Uni blitz op (Women)"]
[Site "Antwerp"]
[Date "2022.09.14"]
[Round "3"]
[White "Naran Erdene, Naranbaatar"]
[Black "Pellicoro, Nathalie"]
[Result "1-0"]
[WhiteElo "1712"]
[BlackElo "1878"]
[PlyCount "63"]
[EventDate "2022.09.14"]
[EventType "swiss (blitz)"]
[EventRounds "9"]
[EventCountry "BEL"]
[SourceTitle "CBM 210 Extra"]
[Source "ChessBase"]
[SourceDate "2022.11.30"]
[SourceVersion "1"]
[SourceVersionDate "2022.11.30"]
[SourceQuality "1"]

1. c4 Nf6 2. Nc3 g6 3. g3 Bg7 4. Bg2 0-0 5. Nf3 c5 6. 0-0 d6 7. d4 cxd4 8. Nxd4 a6 9. b3 Nbd7 10. Bb2 Rb8 11. Rc1 Nc5 12. Qd2 Bd7 13. Nd5 Nxd5 14. cxd5 Kh8 15. Bc3 Qb6 16. Ba5 Qa7 17. Bc3 b5 18. Nc6 Bxc6 19. dxc6 Rbc8 20. Bxg7+ Kxg7 21. Qd4+ Kg8 22. b4 e5 23. Qe3 f5 24. bxc5 f4 25. Qb3+ Kh8 26. cxd6 fxg3 27. hxg3 Rfd8 28. d7 Rc7 29. Qe3 Qb8 30. Qxe5+ Kg8 31. Bd5+ Kf8 32. Qf6# 1-0

[Event "Antwerp World Uni blitz op (Women)"]
[Site "Antwerp"]
[Date "2022.09.14"]
[Round "4"]
[White "Tomasi, Elise"]
[Black "Naran Erdene, Naranbaatar"]
[Result "1-0"]
[WhiteElo "1942"]
[BlackElo "1712"]
[PlyCount "201"]
[EventDate "2022.09.14"]
[EventType "swiss (blitz)"]
[EventRounds "9"]
[EventCountry "BEL"]
[SourceTitle "CBM 210 Extra"]
[Source "ChessBase"]
[SourceDate "2022.11.30"]
[SourceVersion "1"]
[SourceVersionDate "2022.11.30"]
[SourceQuality "1"]

1. d4 d5 2. Nf3 Nf6 3. g3 e6 4. Bg2 Be7 5. 0-0 0-0 6. c4 dxc4 7. Qc2 a6 8. Qxc4 b5 9. Qc2 Bb7 10. Bd2 Be4 11. Qc1 Nc6 12. e3 b4 13. Nh4 Bxg2 14. Nxg2 Na7 15. a3 a5 16. axb4 axb4 17. Qc4 Nd5 18. e4 Nb6 19. Qd3 c5 20. Be3 c4 21. Qc2 Qc7 22. Nd2 Nb5 23. Rxa8 Rxa8 24. Rc1 c3 25. bxc3 Nxc3 26. Nf4 Qb7 27. Kg2 Ra2 28. Qb3 Ra3 29. Qc2 Bd6 30. Kh1 h6 31. h4 Ra2 32. Qb3 Ra3 33. Qc2 Bxf4 34. Bxf4 Qc6 35. Nb1 Qxe4+ 36. Qxe4 Nxe4 37. Nxa3 bxa3 38. Ra1 Nc4 39. Bc1 Nxf2+ 40. Kg2 Nd1 41. Bxa3 Nde3+ 42. Kf3 Kh7 43. Bc5 Kg6 44. g4 Nd5 45. h5+ Kg5 46. Ra7 Kf6 47. Ba3 Nd2+ 48. Ke2 Ne4 49. Kf3 Nd2+ 50. Kg3 Ne4+ 51. Kg2 Nec3 52. Bb2 Nd1 53. Bc1 N1c3 54. Kf3 Nb5 55. Ra4 Ndc3 56. Rb4 Nd6 57. Bf4 Nce4 58. Be5+ Ke7 59. Rb6 f5 60. Bxg7 Nd2+ 61. Ke2 N2e4 62. gxf5 Nxf5 63. Be5 Nc3+ 64. Kf3 Nd5 65. Rb7+ Ke8 66. Rh7 Nb4 67. Ke4 Nc2 68. Ra7 Nb4 69. Rb7 Nd5 70. Kd3 Kf8 71. Kc4 Nde3+ 72. Kb5 Ng4 73. Kc5 Kg8 74. Kc6 Kf8 75. Kd7 Kf7 76. Kc6+ Kf8 77. Bf4 Nxd4+ 78. Kd6 Nf5+ 79. Kxe6 Nd4+ 80. Kd5 Nf3 81. Rh7 Nf6+ 82. Ke6 Nxh5 83. Bxh6+ Kg8 84. Ra7 Nd4+ 85. Kd5 Nf5 86. Bg5 Nhg7 87. Bf6 Ne3+ 88. Ke4 Ngf5 89. Kf4 Kf8 90. Kg5 Nd6 91. Be7+ Ke8 92. Bxd6 Nc4 93. Bf4 Kd8 94. Kf5 Kc8 95. Ke6 Nb6 96. Kd6 Nc4+ 97. Kc6 Kd8 98. Bd6 Ke8 99. Kd5 Nb6+ 100. Ke6 Nc4 101. Ra8# 1-0

[Event "Antwerp World Uni op (Women)"]
[Site "Antwerp"]
[Date "2022.09.13"]
[Round "4"]
[White "Naran Erdene, Naranbaatar"]
[Black "Arnhold, Steffi"]
[Result "0-1"]
[WhiteElo "2055"]
[BlackElo "2121"]
[PlyCount "96"]
[EventDate "2022.09.12"]
[EventType "swiss"]
[EventRounds "9"]
[EventCountry "BEL"]
[SourceTitle "CBM 210 Extra"]
[Source "ChessBase"]
[SourceDate "2022.11.30"]
[SourceVersion "1"]
[SourceVersionDate "2022.11.30"]
[SourceQuality "1"]

1. c4 e5 2. Nc3 Nf6 3. g3 d5 4. cxd5 Nxd5 5. Bg2 Nb6 6. Nf3 Nc6 7. 0-0 Be7 8. d3 0-0 9. a3 Re8 10. b4 Bf8 11. Bb2 a5 12. b5 Nd4 13. Nd2 a4 14. e3 Ne6 15. Nc4 Nc5 16. Nxb6 cxb6 17. Nd5 Be6 18. Nb4 Ra5 19. Qe2 Bd7 20. Bd5 Bxb5 21. Rfd1 Qd7 22. Qf3 Raa8 23. Rab1 Rad8 24. d4 e4 25. Qg2 Nd3 26. Bxe4 Nxb4 27. axb4 Bxb4 28. Bxb7 a3 29. Ba1 Bf8 30. Rdc1 Rb8 31. Bd5 Rbc8 32. Qf3 Bd3 33. Rxc8 Rxc8 34. Re1 b5 35. e4 Bc4 36. Bxc4 Rxc4 37. e5 Qc8 38. Qe3 Rc2 39. d5 Bc5 40. Bd4 Bxd4 41. Qxd4 Qc3 42. Qd1 Qd2 43. Rf1 Qxd1 44. Rxd1 Kf8 45. d6 Ke8 46. f4 a2 47. f5 Rd2 48. Rc1 Rb2 0-1

[Event "Antwerp World Uni op (Women)"]
[Site "Antwerp"]
[Date "2022.09.12"]
[Round "1"]
[White "Alinasab, Mobina"]
[Black "Naran Erdene, Naranbaatar"]
[Result "1-0"]
[WhiteElo "2335"]
[BlackElo "2055"]
[PlyCount "121"]
[EventDate "2022.09.12"]
[EventType "swiss"]
[EventRounds "9"]
[EventCountry "BEL"]
[SourceTitle "CBM 210 Extra"]
[Source "ChessBase"]
[SourceDate "2022.11.30"]
[SourceVersion "1"]
[SourceVersionDate "2022.11.30"]
[SourceQuality "1"]

1. e4 c5 2. Nf3 Nc6 3. Bb5 Qc7 4. 0-0 a6 5. Bxc6 bxc6 6. e5 d5 7. exd6 exd6 8. Re1+ Be7 9. d4 cxd4 10. Qxd4 Nf6 11. Bf4 Be6 12. c4 0-0 13. c5 Nd5 14. cxd6 Bxd6 15. Bxd6 Qxd6 16. Nc3 Rad8 17. Ne4 Qb8 18. Nc5 Nc7 19. Qc3 Bd5 20. Ne5 Qc8 21. Qg3 Nb5 22. Ng4 Rd6 23. f3 Rg6 24. Qf2 Bxf3 25. Qxf3 Nd4 26. Qf2 Rxg4 27. h3 Rg6 28. Qxd4 Qxh3 29. Re2 Qh5 30. Re5 Qh3 31. Qf2 f6 32. Ne6 Re8 33. Nf4 Rxg2+ 34. Qxg2 Qxg2+ 35. Nxg2 Rxe5 36. Rc1 c5 37. Nf4 Rg5+ 38. Kf2 Rf5 39. Ke3 Re5+ 40. Kf3 Rf5 41. Kg3 Rg5+ 42. Kh2 Re5 43. Rc2 Re4 44. Nd3 c4 45. Nc5 Rd4 46. Nxa6 g5 47. Nb4 h5 48. a4 Rh4+ 49. Kg1 Rg4+ 50. Kh2 Rh4+ 51. Kg2 Rg4+ 52. Kf3 Rf4+ 53. Ke3 Rf5 54. Rxc4 g4 55. Nd3 g3 56. Nf4 h4 57. Nh3 Re5+ 58. Kf3 Rh5 59. b4 Kf7 60. a5 Ke6 61. Nf4+ 1-0

[Event "FIDE World Uni Rapid-B 1st"]
[Site "Tornelo INT"]
[Date "2021.03.21"]
[Round "11"]
[White "Agrawal, Anay"]
[Black "Naran Erdene, Naranbaatar"]
[Result "0-1"]
[WhiteElo "1464"]
[BlackElo "2055"]
[PlyCount "56"]
[EventDate "2021.03.20"]
[EventType "swiss (rapid)"]
[EventRounds "12"]
[EventCountry "NET"]
[SourceTitle "CBM 201 Extra"]
[Source "ChessBase"]
[SourceDate "2021.05.31"]
[SourceVersion "1"]
[SourceVersionDate "2021.05.31"]
[SourceQuality "1"]

1. d4 d5 2. c4 e6 3. Nc3 Nf6 4. Bf4 Bd6 5. Bxd6 Qxd6 6. Nf3 0-0 7. e3 b6 8. Bd3 Bb7 9. 0-0 Nbd7 10. Qc2 dxc4 11. Be2 a6 12. a4 c5 13. Rfd1 Qc7 14. e4 cxd4 15. Rxd4 Ne5 16. Nxe5 Qxe5 17. Rxc4 b5 18. axb5 axb5 19. Rxa8 Rxa8 20. Rb4 Ra1+ 21. Bf1 Ng4 22. g3 Nxh2 23. Kxh2 Rxf1 24. Kg2 Re1 25. Rxb5 Qxb5 26. Nxb5 Bxe4+ 27. Qxe4 Rxe4 28. Kf3 Rb4 0-1

[Event "FIDE World Uni Rapid-B 1st"]
[Site "Tornelo INT"]
[Date "2021.03.21"]
[Round "12"]
[White "Naran Erdene, Naranbaatar"]
[Black "Grammatikaki, Aggeliki"]
[Result "1-0"]
[WhiteElo "2055"]
[BlackElo "1682"]
[PlyCount "117"]
[EventDate "2021.03.20"]
[EventType "swiss (rapid)"]
[EventRounds "12"]
[EventCountry "NET"]
[SourceTitle "CBM 201 Extra"]
[Source "ChessBase"]
[SourceDate "2021.05.31"]
[SourceVersion "1"]
[SourceVersionDate "2021.05.31"]
[SourceQuality "1"]

1. c4 c5 2. Nc3 Nc6 3. g3 g6 4. Bg2 Bg7 5. Nf3 Nf6 6. 0-0 0-0 7. d4 cxd4 8. Nxd4 a6 9. b3 Qc7 10. Bb2 d6 11. Rc1 Bd7 12. Nd5 Qd8 13. Nxc6 Bxc6 14. Nxf6+ Bxf6 15. Bxf6 exf6 16. Qd4 Bxg2 17. Kxg2 Qe7 18. e3 Qe5 19. Rfd1 Rad8 20. Rd2 Rd7 21. Rcd1 Rfd8 22. Qxe5 fxe5 23. Rd5 b6 24. a4 Kf8 25. a5 bxa5 26. Rxa5 Ra7 27. Rxe5 dxe5 28. Rxd8+ Ke7 29. Rb8 a5 30. Kf3 a4 31. bxa4 Rxa4 32. Rb7+ Ke6 33. Rc7 h5 34. h3 Ra6 35. c5 f5 36. g4 hxg4+ 37. hxg4 Ra4 38. Rc6+ Kf7 39. g5 Rc4 40. Rf6+ Ke7 41. c6 f4 42. Rxg6 fxe3 43. fxe3 Kf7 44. Rf6+ Kg7 45. Rd6 Kf7 46. g6+ Kg7 47. Re6 Kg8 48. e4 Kg7 49. Kg4 Rxe4+ 50. Kf5 Rc4 51. Kxe5 Rc1 52. Kd6 Rd1+ 53. Ke7 Rc1 54. Kd7 Rd1+ 55. Rd6 Rc1 56. c7 Rc2 57. c8Q Rc7+ 58. Kxc7 Kh6 59. g7+ 1-0

[Event "FIDE World Uni Rapid-B 1st"]
[Site "Tornelo INT"]
[Date "2021.03.21"]
[Round "7"]
[White "Naran Erdene, Naranbaatar"]
[Black "Rutvik, Moharil"]
[Result "1-0"]
[WhiteElo "2055"]
[BlackElo "1610"]
[PlyCount "69"]
[EventDate "2021.03.20"]
[EventType "swiss (rapid)"]
[EventRounds "12"]
[EventCountry "NET"]
[SourceTitle "CBM 201 Extra"]
[Source "ChessBase"]
[SourceDate "2021.05.31"]
[SourceVersion "1"]
[SourceVersionDate "2021.05.31"]
[SourceQuality "1"]

1. c4 Nf6 2. Nc3 g6 3. g3 Bg7 4. Bg2 0-0 5. Nf3 c6 6. 0-0 d5 7. cxd5 Nxd5 8. d4 Bf5 9. Re1 Nxc3 10. bxc3 Be4 11. Bb2 Nd7 12. Qd2 Qa5 13. Qc1 Nb6 14. c4 Qb4 15. Nd2 Bxg2 16. Kxg2 Rfd8 17. e3 e5 18. Bc3 Qa4 19. dxe5 Nxc4 20. Nf3 Re8 21. Rb1 b5 22. Re2 Rac8 23. Rb4 Qa6 24. a4 Nxe5 25. Qa1 f6 26. Bxe5 fxe5 27. Ng5 c5 28. Rxb5 Qc6+ 29. Kg1 c4 30. e4 c3 31. Qa2+ Kh8 32. Nf7+ Kg8 33. Nh6+ Kh8 34. Qg8+ Rxg8 35. Nf7# 1-0

[Event "FIDE World Uni Blitz-D 1st"]
[Site "Tornelo INT"]
[Date "2021.03.13"]
[Round "9.52"]
[White "Kabzinski, Jan"]
[Black "Naran Erdene, Naranbaatar"]
[Result "0-1"]
[WhiteElo "1558"]
[BlackElo "2055"]
[PlyCount "190"]
[EventDate "2021.03.13"]
[EventType "swiss (blitz)"]
[EventRounds "10"]
[EventCountry "NET"]
[SourceTitle "EXT 2022"]
[Source "ChessBase"]
[SourceDate "2021.10.06"]
[SourceVersion "1"]
[SourceVersionDate "2021.10.06"]
[SourceQuality "1"]

1. c4 c5 2. Nc3 Nc6 3. g3 g6 4. Bg2 Bg7 5. a3 Nf6 6. Rb1 0-0 7. b4 d6 8. d3 Be6 9. bxc5 dxc5 10. Rxb7 Nd4 11. Nf3 Rc8 12. 0-0 a6 13. Be3 Ng4 14. Bxd4 cxd4 15. Ne4 Bd7 16. Qb3 Bc6 17. Rb6 Bxe4 18. dxe4 Rxc4 19. Qxc4 Qxb6 20. h3 Ne5 21. Nxe5 Bxe5 22. Rc1 Bd6 23. a4 Rb8 24. Bf3 Qb2 25. Kg2 Qb4 26. Bg4 Qb6 27. Bf3 a5 28. Bg4 h5 29. Bd7 h4 30. Bb5 hxg3 31. fxg3 Bb4 32. Qc7 Bc3 33. Qxb6 Rxb6 34. Rf1 Re6 35. Kf3 Kg7 36. Rd1 Rf6+ 37. Kg2 e5 38. h4 Rd6 39. Kf3 f5 40. Rd3 Kf6 41. Rd1 g5 42. hxg5+ Kxg5 43. Be8 Rf6 44. exf5 Kxf5 45. Bb5 e4+ 46. Kg2 Ke5 47. g4 Rg6 48. Kg3 Kd5 49. Bd7 Kc4 50. Bf5 Rg7 51. Bxe4 Kb4 52. Bc6 Re7 53. Bb5 Re3+ 54. Kg2 Re4 55. Kg3 Re3+ 56. Kh4 Re5 57. g5 Re4+ 58. Kh5 Re3 59. Rg1 Re5 60. Kh6 Bd2 61. Kh5 Be3 62. Rg2 Kc3 63. Kh4 Re4+ 64. Kh5 Re5 65. Kg6 Kd2 66. Kf6 Re4 67. g6 Rf4+ 68. Ke7 Re4+ 69. Kd6 Bf4+ 70. Kd5 Re8 71. g7 Rg8 72. Kxd4 Bh6 73. Bc4 Bxg7+ 74. Ke4 Re8+ 75. Kf3 Bd4 76. Rg4 Kc3 77. Bb5 Re3+ 78. Kg2 Re5 79. Kf1 Rf5+ 80. Kg2 Rf2+ 81. Kg3 Rf8 82. Kh4 Bf2+ 83. Kh5 Bd4 84. Re4 Rh8+ 85. Kg6 Rg8+ 86. Kf5 Rf8+ 87. Kg4 Rg8+ 88. Kf3 Rf8+ 89. Rf4 Re8 90. e4 Re5 91. Rf5 Re7 92. Kf4 Kb4 93. e5 Kc5 94. Ke4 Bc3 95. Rf6 Rxe5+ 0-1

[Event "FIDE World Uni Blitz-D 1st"]
[Site "Tornelo INT"]
[Date "2021.03.13"]
[Round "3.5"]
[White "Preotu, Razvan"]
[Black "Naran Erdene, Naranbaatar"]
[Result "1-0"]
[WhiteElo "2487"]
[BlackElo "2055"]
[PlyCount "117"]
[EventDate "2021.03.13"]
[EventType "swiss (blitz)"]
[EventRounds "10"]
[EventCountry "NET"]
[SourceTitle "EXT 2022"]
[Source "ChessBase"]
[SourceDate "2021.10.06"]
[SourceVersion "1"]
[SourceVersionDate "2021.10.06"]
[SourceQuality "1"]

1. e4 e5 2. Nf3 Nc6 3. Bc4 Bc5 4. c3 Nf6 5. d4 exd4 6. e5 d5 7. Bb5 Ne4 8. cxd4 Bb4+ 9. Bd2 Bxd2+ 10. Nbxd2 0-0 11. 0-0 Bg4 12. Bxc6 bxc6 13. Qc2 Nxd2 14. Nxd2 Bd7 15. Rae1 Rb8 16. Nb3 g6 17. Nc5 Bf5 18. Qd2 Rb6 19. h3 Qe7 20. g4 Bc8 21. f4 Qh4 22. Re3 h5 23. g5 Bf5 24. Qf2 Qxf2+ 25. Rxf2 Rfb8 26. b3 a5 27. h4 Bc8 28. Kf1 Rb4 29. Rd2 R8b6 30. Ke2 Ba6+ 31. Kd1 Bc8 32. Kc2 Bf5+ 33. Kc3 Kf8 34. a3 R4b5 35. Rb2 Rb8 36. e6 Rc8 37. exf7 Kxf7 38. Rbe2 Kf8 39. Re7 Be4 40. Rh7 Kg8 41. Rd7 Bf5 42. Rde7 Kf8 43. R2e5 Rb6 44. Rh7 Kg8 45. Ree7 Rb5 46. Reg7+ Kf8 47. Rxc7 Rxc7 48. Rxc7 Rb6 49. Ra7 a4 50. Rxa4 Rb8 51. b4 Re8 52. Ra6 Re3+ 53. Kd2 Rh3 54. Rxc6 Rxa3 55. b5 Ra2+ 56. Kc3 Rc2+ 57. Kb3 Rc1 58. Ne6+ Ke7 59. Rxc1 1-0

[Event "Asia-ch Universities (Women)"]
[Site "Chess.com INT"]
[Date "2020.12.15"]
[Round "3"]
[White "Naran Erdene, Naranbaatar"]
[Black "Anisa, Aay Aisyah"]
[Result "1-0"]
[WhiteElo "1693"]
[BlackElo "1910"]
[PlyCount "53"]
[EventDate "2020.12.15"]
[EventType "swiss"]
[EventRounds "9"]
[EventCountry "IRI"]
[SourceTitle "EXT 2022"]
[Source "ChessBase"]
[SourceDate "2021.10.06"]
[SourceVersion "1"]
[SourceVersionDate "2021.10.06"]
[SourceQuality "1"]

1. c4 e5 2. Nc3 Nc6 3. g3 f5 4. Bg2 Nf6 5. d3 Bb4 6. Nf3 d6 7. 0-0 Bxc3 8. bxc3 0-0 9. Rb1 Rb8 10. Ng5 Ne7 11. f4 c6 12. c5 Ned5 13. e4 Nc7 14. cxd6 Qxd6 15. fxe5 Qxe5 16. Bf4 Qe7 17. exf5 Nfd5 18. Re1 Qc5+ 19. d4 Qa5 20. Bxd5+ cxd5 21. Re7 Nb5 22. Bxb8 Nxc3 23. Be5 Rxf5 24. Re8+ Rf8 25. Rxf8+ Kxf8 26. Qf3+ Ke8 27. Rc1 1-0

[Event "MGL-ch (Women) 51st"]
[Site "Murun"]
[Date "2019.09.29"]
[Round "11"]
[White "Uchral, Gankhuyag"]
[Black "Naran Erdene, Naranbaatar"]
[Result "1-0"]
[WhiteElo "1747"]
[BlackElo "2100"]
[PlyCount "45"]
[EventDate "2019.09.21"]
[EventType "tourn"]
[EventRounds "11"]
[EventCountry "MGL"]
[SourceTitle "EXT 2020"]
[Source "ChessBase"]
[SourceDate "2019.10.17"]
[SourceVersion "1"]
[SourceVersionDate "2019.10.17"]
[SourceQuality "1"]

1. e4 c5 2. Nf3 e6 3. d4 cxd4 4. Nxd4 a6 5. Bd3 Nf6 6. 0-0 Qc7 7. c3 Be7 8. f4 d6 9. Kh1 0-0 10. Nd2 Nbd7 11. Bc2 b6 12. N2f3 Bb7 13. Qe1 Rfd8 14. Ng5 h6 15. Ngxe6 fxe6 16. Nxe6 Qc6 17. Qg3 Bf8 18. f5 Re8 19. Bxh6 Re7 20. Bb3 Kh8 21. Bg5 Ree8 22. Bxf6 Nxf6 23. Qh4+ 1-0

[Event "MGL-ch (Women) 51st"]
[Site "Murun"]
[Date "2019.09.27"]
[Round "8"]
[White "Naran Erdene, Naranbaatar"]
[Black "Altantuya, Boldbaatar"]
[Result "0-1"]
[WhiteElo "2100"]
[BlackElo "2277"]
[PlyCount "114"]
[EventDate "2019.09.21"]
[EventType "tourn"]
[EventRounds "11"]
[EventCountry "MGL"]
[SourceTitle "EXT 2020"]
[Source "ChessBase"]
[SourceDate "2019.10.17"]
[SourceVersion "1"]
[SourceVersionDate "2019.10.17"]
[SourceQuality "1"]

1. e4 e6 2. d4 d5 3. exd5 exd5 4. Bd3 Bd6 5. Nf3 Nf6 6. 0-0 0-0 7. Bg5 h6 8. Bh4 Bg4 9. Nbd2 Nbd7 10. c3 c6 11. Qc2 Qc7 12. Rfe1 Rfe8 13. b3 a5 14. c4 Bb4 15. Bxf6 Nxf6 16. Ne5 Be6 17. c5 a4 18. bxa4 Qa5 19. Re2 Qxa4 20. Nb3 Ne4 21. Bxe4 dxe4 22. Rb1 Qa6 23. Nc1 Ba3 24. h3 Bd5 25. Re3 Qa4 26. Qxa4 Rxa4 27. Ne2 Bxc5 28. Nxf7 Bf8 29. Ne5 c5 30. Nc3 cxd4 31. Nxa4 dxe3 32. Ng4 exf2+ 33. Kxf2 Bc6 34. Nc3 Bc5+ 35. Ke2 e3 36. Nd1 Bxg2 37. Ngxe3 Bxh3 38. Rxb7 Be6 39. a4 Bxe3 40. Nxe3 Ra8 41. Rb4 Bd7 42. Rd4 Bxa4 43. Nf5 Ra5 44. Ne7+ Kh7 45. Kf3 Re5 46. Nc8 Rc5 47. Nd6 Bc6+ 48. Kg3 Rd5 49. Rxd5 Bxd5 50. Nf5 g5 51. Kg4 Be6 52. Kh5 Bf7+ 53. Kg4 Kg6 54. Ne3 h5+ 55. Kf3 Be6 56. Kf2 g4 57. Kg3 Kg5 0-1

[Event "MGL-ch (Women) 51st"]
[Site "Murun"]
[Date "2019.09.24"]
[Round "5"]
[White "Ankhchimeg, Bayanmunkh"]
[Black "Naran Erdene, Naranbaatar"]
[Result "0-1"]
[WhiteElo "2127"]
[BlackElo "2100"]
[PlyCount "112"]
[EventDate "2019.09.21"]
[EventType "tourn"]
[EventRounds "11"]
[EventCountry "MGL"]
[SourceTitle "EXT 2020"]
[Source "ChessBase"]
[SourceDate "2019.10.17"]
[SourceVersion "1"]
[SourceVersionDate "2019.10.17"]
[SourceQuality "1"]

1. e4 c5 2. Nf3 Nc6 3. Bb5 Qc7 4. 0-0 e5 5. Nc3 a6 6. Nd5 Qd8 7. Bxc6 bxc6 8. Ne3 d6 9. d3 Be7 10. h3 Nf6 11. Bd2 0-0 12. a4 h6 13. Bc3 Nh7 14. Qe1 Ng5 15. Nd2 Ne6 16. Ndc4 Nf4 17. Ba5 Qe8 18. Nb6 Ra7 19. Nxc8 Qxc8 20. Nf5 Qe6 21. Kh2 c4 22. g3 Ng6 23. Bc3 cxd3 24. cxd3 Bf6 25. Bb4 c5 26. Ba3 Ne7 27. Ne3 Qb3 28. Qd2 Nc6 29. Nd5 Bd8 30. f4 f5 31. Rf2 fxe4 32. dxe4 Nd4 33. Raf1 exf4 34. Rxf4 Raf7 35. Qd1 Bg5 36. Qxb3 Nxb3 37. Rxf7 Rxf7 38. Rd1 a5 39. Kg2 Rb7 40. Rd3 Nd4 41. h4 Bc1 42. e5 dxe5 43. Bxc5 Rxb2+ 44. Kh3 Rd2 45. Re3 Nc6 46. Re1 Bb2 47. Ne3 Bd4 48. Nc4 Rc2 49. Bxd4 exd4 50. Re8+ Kh7 51. Ne5 Re2 52. Nxc6 Rxe8 53. Nxa5 d3 54. Nb3 Rb8 55. Nd2 Rb2 56. Nc4 Rc2 0-1

[Event "MGL-ch (Women) 51st"]
[Site "Murun"]
[Date "2019.09.22"]
[Round "3"]
[White "Naran Erdene, Naranbaatar"]
[Black "Udval, Enkhsaikhan"]
[Result "1-0"]
[WhiteElo "2100"]
[BlackElo "1721"]
[PlyCount "109"]
[EventDate "2019.09.21"]
[EventType "tourn"]
[EventRounds "11"]
[EventCountry "MGL"]
[SourceTitle "EXT 2020"]
[Source "ChessBase"]
[SourceDate "2019.10.17"]
[SourceVersion "1"]
[SourceVersionDate "2019.10.17"]
[SourceQuality "1"]

1. c4 e5 2. g3 Nf6 3. Bg2 d5 4. cxd5 Nxd5 5. Nc3 Nb6 6. Nf3 Nc6 7. 0-0 Be7 8. d3 Be6 9. a3 0-0 10. b4 a6 11. Bb2 f5 12. Nd2 Bf6 13. Nb3 Nd7 14. Na4 Rb8 15. Nac5 Nxc5 16. Nxc5 Bd5 17. e4 fxe4 18. dxe4 Bc4 19. Re1 Qe7 20. Qc2 Qf7 21. Bh3 Rfd8 22. Rac1 b5 23. Nxa6 Bg5 24. Rcd1 Rxd1 25. Rxd1 Rf8 26. Nc5 Be7 27. Rd7 Qf6 28. Rxc7 Bxc5 29. bxc5 Bd3 30. Qb3+ Kh8 31. f4 Bxe4 32. Qe6 Rd8 33. Qxf6 Rd1+ 34. Kf2 gxf6 35. fxe5 fxe5 36. Bd7 Nd4 37. Bxd4 exd4 38. Bxb5 Rh1 39. Re7 Rxh2+ 40. Kg1 Rh1+ 41. Kf2 Rh2+ 42. Ke1 Rh1+ 43. Kd2 Rh2+ 44. Be2 Bf5 45. Re5 Bg4 46. Kd3 Bxe2+ 47. Rxe2 Rh3 48. Rg2 Rh6 49. Kxd4 Kg7 50. Rf2 Ra6 51. Rf3 Kg6 52. Kd5 Kg5 53. c6 Ra5+ 54. Kd6 Ra4 55. Rd3 1-0

[Event "World School-ch U17 Girls"]
[Site "Antalya"]
[Date "2019.04.23"]
[Round "6"]
[White "Naran Erdene, Naranbaatar"]
[Black "Yapa Bandara, Chamodya"]
[Result "1-0"]
[WhiteElo "1991"]
[BlackElo "1612"]
[PlyCount "77"]
[EventDate "2019.04.18"]
[EventType "swiss"]
[EventRounds "9"]
[EventCountry "TUR"]
[SourceTitle "CBM 190 Extra"]
[Source "ChessBase"]
[SourceDate "2019.07.15"]
[SourceVersion "1"]
[SourceVersionDate "2019.07.15"]
[SourceQuality "1"]

1. c4 e5 2. Nc3 Nf6 3. Nf3 Nc6 4. e4 d6 5. Be2 Be7 6. d4 exd4 7. Nxd4 Nxd4 8. Qxd4 0-0 9. 0-0 a6 10. f4 Rb8 11. Be3 Bg4 12. h3 Bxe2 13. Nxe2 b5 14. b3 bxc4 15. bxc4 Nd7 16. Rab1 Bf6 17. Qd3 Qe7 18. Ng3 g6 19. Bd4 Bxd4+ 20. Qxd4 Nc5 21. Rbe1 Nd7 22. Ne2 Rb4 23. Nc3 Nb6 24. Nd5 Nxd5 25. exd5 Qd7 26. Qc3 Qa4 27. Re4 a5 28. f5 Rbb8 29. Qd2 f6 30. fxg6 Qd7 31. gxh7+ Kh8 32. Qd4 Qg7 33. Rg4 Qe7 34. Rg6 Qe5 35. Qh4 Rb2 36. Re1 Re2 37. Rg8+ Rxg8 38. hxg8Q+ Kxg8 39. Qg4+ 1-0